| 000 | 00829nam a22002057a 4500 | ||
|---|---|---|---|
| 999 |
_c15252 _d15252 |
||
| 003 | AR-CdUCM | ||
| 008 | 190426b ||||| |||| 00| 0 spa d | ||
| 020 | _a84-8055-074-0 | ||
| 040 |
_aMUNICIPALIDAD PROVINCIAL DEL CUSCO _cBIBLIOTECA MUNICIPAL DEL CUSCO |
||
| 082 |
_aES / 910.520 / _bC94 |
||
| 245 |
_aAtlas de Astronomía : _bDescubrir el universo / |
||
| 260 |
_aBarcelona : _bCultural.S.A _c1995. |
||
| 300 |
_a112 paginas ; _bIlustraciones, _c35 cm. |
||
| 505 | _aContenido :Una ciencia apasionante :La astronomía --Hacia una concepción del universo --Que es el universo --El espacio y la gravedad --El cielo que vemos --Como orientamos en el espacio ... | ||
| 650 |
_aAstronomía _920572 |
||
| 650 |
_aAtlas _93723 |
||
| 710 |
_aCultural de ediciones S.A. _934295 |
||
| 942 |
_2ddc _cLIBROS |
||
| 945 |
_arjall _d2019-04-26 |
||